01750cam a2200313 a 45000010005000000030006000050050017000110080041000280100017000690200018000860400025001040420008001290430021001370500025001580820018001831000022002012450091002232500018003142600036003323000041003685040064004095200492004736100072009656500084010376500073011216510085011946510082012796510075013613806FISKH20240509155411.0110719s2011 nyua j b 001 0 eng  a 2011027821 a9780545359276 aDLCcDLCbengdFISKH apcc an-us-akaa-ja---00aD769.87.A4bS45 201100a940.54/282231 aSeiple, Samantha.10aGhosts in the fog :bthe untold story of Alaska's WWII invasion /cby Samantha Seiple. aFirst Edition aNew York :bScholastic,cc2011. a221 pages :billustrations ;c21 cm. aIncludes bibliographical references (p. 200-212) and index. a"Ghosts in the fog is the first narrative nonfiction book for young adults to tell the riveting story of how the Japanese invaded and occupied the Aleutian Islands in Alaska during World War II. This fascinating little-known piece of American history is told from the point of view of the American civilians who were captured and taken prisoner, along with the American and Japanese soldiers who fought in one of the bloodiest battles of hand-to-hand combat during the war."--Amazon.com.10aJapan.bKaigunxHistoryyWorld War, 1939-1945vJuvenile literature. 0aWorld War, 1939-1945xCampaignszAlaskazAleutian IslandsvJuvenile literature. 0aWorld War, 1939-1945zAlaskazAleutian IslandsvJuvenile literature. 0aAleutian Islands (Alaska)xHistory, Militaryy20th centuryvJuvenile literature. 0aAleutian Islands (Alaska)xHistory, Navaly20th centuryvJuvenile literature. 0aAleutian Islands (Alaska)xHistoryy20th centuryvJuvenile literature.